| 000 | 00998nac a22003131i 4500 | ||
|---|---|---|---|
| 003 | EG-ScBUE | ||
| 005 | 20260301101436.0 | ||
| 008 | 260301s1974 nyua f b 001 0 eng d | ||
| 020 | _a0122530403 | ||
| 040 |
_aEG-ScBUE _beng _erda _cEG-ScBUE _dEG-ScBUE |
||
| 082 | 0 | 4 |
_a576.6484 _bBIO _222 |
| 245 | 0 | 4 |
_aThe Biology of animal viruses / _cFrank Fenner [and four others] |
| 250 | _aSecond edition. | ||
| 250 | _aStudent edition. | ||
| 264 | 1 |
_aNew York : _bAcademic Press, _c[1974] |
|
| 264 | 4 | _cc1974 | |
| 300 |
_axvi, 834 pages : _billustrations ; _c25 cm |
||
| 336 |
_2rdacontent _atext _btxt |
||
| 337 |
_aunmediated _2rdamedia _bn |
||
| 338 |
_avolume _bnc _2rdacarrier |
||
| 504 | _aIncludes bibliographical references and index. | ||
| 650 | 7 |
_aVirology. _2BUEsh |
|
| 650 | 7 |
_aVirus diseases. _2BUEsh |
|
| 650 | 7 |
_aVirology _xBibliography. _2BUEsh |
|
| 655 | _vReading book | ||
| 700 | 1 |
_aFenner, Frank, _d1914- _eauthor. |
|
| 942 |
_cBB _2ddc |
||
| 999 |
_c1660 _d1660 |
||